| 000 | 00742nam a2200217 4500 | ||
|---|---|---|---|
| 001 | 139530 | ||
| 003 | ES-MaACL | ||
| 007 | t| | ||
| 008 | 070214s1972 mx r ||||1| spa d | ||
| 100 | 1 |
_aScheid, Francis. _9104273 |
|
| 245 | 1 | 0 |
_aTeoría y problemas de Análisis Numérico / _cpor Francis Scheid ; traducción y adaptación, Hernando Alfonso Castillo. |
| 260 |
_aMéxico [etc.] : _bMcGraw-Hill : _bLa Colina, _c1972. |
||
| 300 |
_a422 p. : _bil. ; _c28 cm. |
||
| 490 | 1 | _aCompendios Schaum | |
| 500 | _aTít. orig.: Numerical Analysis. | ||
| 700 | 1 |
_aCastillo, Hernando Alfonso. _936689 |
|
| 740 | 0 | _aNumerical Analysis. | |
| 830 | 0 |
_aCompendios Schaum _9187129 |
|
| 852 |
_aES-MaACL _jE-5819 _bR.90074 |
||
| 999 |
_c139530 _d139530 |
||